|
|
|
|
| LEADER |
00740cam a2200217 7i4500 |
| 001 |
0000007042 |
| 005 |
20170404090000.0 |
| 008 |
070821 eng |
| 020 |
|
|
|a 0749433329 (pbk.)
|
| 020 |
|
|
|a 9780749433321
|
| 090 |
0 |
0 |
|a HG4538
|b .P56 2001
|
| 100 |
1 |
|
|a Pine-Coffin, Susie
|
| 245 |
1 |
4 |
|a The executive's guide to international investment
|c Susie Pine-Coffin.
|
| 260 |
|
|
|a London:
|b Kogan Page,
|c 2001.
|
| 300 |
|
|
|a iii, 236 p.:
|b ill.;
|c 22 cm.
|
| 490 |
0 |
|
|a International Herald Tribune
|
| 500 |
|
|
|a Includes index
|
| 650 |
0 |
0 |
|a Investments, Foreign
|
| 997 |
|
|
|a Business & Accountancy, Faculty
|
| 999 |
|
|
|a 0000003042
|b BOK
|c REFERENCE
|e 2nd Floor, Shah Alam
|
| 999 |
|
|
|a 0000021515
|b BOK
|c REFERENCE
|e 2nd Floor, Shah Alam
|